| 000 | 01019cad a22002295a 4500 | ||
|---|---|---|---|
| 001 | L146319 | ||
| 008 | 090109s2008 xxkbdo f s 000 0 eng d | ||
| 035 | _a(Sirsi) u146319 | ||
| 041 | 0 | _aeng | |
| 050 | 0 | 4 | _a333.33 $2 18 |
| 110 | 2 |
_aGrubb and Ellis _95702 |
|
| 245 | 0 | 0 |
_a2009 _breal estate forecast _h[electronic resource] |
| 260 |
_a[s.l] _bGrubb & Ellis _c2008 |
||
| 505 | 2 | _aOverview -- Office -- Industrial -- Retail -- Investment -- Company profile -- Grubb & Ellis research -- Office directory -- Contributors and sources | |
| 520 | _aForecast article makes wide-ranging predictions for the international commercial property market in 2009. Commentary is largely based on office, industrial, retails and investment property, with a focus on the US market. | ||
| 521 | _aAdvanced | ||
| 590 | _aKA NTK | ||
| 651 | 4 | _aInternational | |
| 690 | _aPROPERTY-COMMERCIAL PROPERTY | ||
| 856 | 4 | 0 |
_uwww.grubb-ellis.com/Forecast2009/Default.htm _zView the item free of charge at www.grubb-ellis.com... |
| 942 | _n0 | ||
| 999 |
_c109113 _d109113 |
||